<?xml version="1.0" encoding="UTF-8"?>
<collection xmlns="http://www.loc.gov/MARC21/slim">
 <record>
  <leader>00776nam a22002295a 4500</leader>
  <controlfield tag="001">EEO.bibeco007180</controlfield>
  <controlfield tag="003">AR-BaUEB</controlfield>
  <controlfield tag="005">20110412134609.0</controlfield>
  <controlfield tag="008">080718s1996####ag#a##########000#0#spa#d</controlfield>
  <datafield tag="245" ind1="1" ind2="0">
   <subfield code="a">Una propuesta de tarificación vial para el área metropolitana /</subfield>
   <subfield code="c">Oscar Libonatti, R. Moya, Mario Salinardi.</subfield>
  </datafield>
  <datafield tag="260" ind1=" " ind2=" ">
   <subfield code="a">Buenos Aires :</subfield>
   <subfield code="b">FIEL,</subfield>
   <subfield code="c">1996.</subfield>
  </datafield>
  <datafield tag="300" ind1=" " ind2=" ">
   <subfield code="a">60 p.</subfield>
  </datafield>
  <datafield tag="490" ind1="1" ind2=" ">
   <subfield code="a">Documento de Trabajo</subfield>
  </datafield>
  <datafield tag="100" ind1="1" ind2=" ">
   <subfield code="a">Libonatti, Oscar.</subfield>
  </datafield>
  <datafield tag="110" ind1="2" ind2=" ">
   <subfield code="a">Fundación de Investigaciones Económicas Latinoamericanas (Buenos Aires).</subfield>
  </datafield>
  <datafield tag="700" ind1="1" ind2=" ">
   <subfield code="a">Moya, R.</subfield>
  </datafield>
  <datafield tag="700" ind1="1" ind2=" ">
   <subfield code="a">Salinardi, Mario.</subfield>
  </datafield>
  <datafield tag="082" ind1="0" ind2="4">
   <subfield code="a">I-FIEL-DT49</subfield>
  </datafield>
  <datafield tag="653" ind1=" " ind2=" ">
   <subfield code="a">Tarifa de pasajeros</subfield>
  </datafield>
  <datafield tag="653" ind1=" " ind2=" ">
   <subfield code="a">Teoria economica</subfield>
  </datafield>
  <datafield tag="653" ind1=" " ind2=" ">
   <subfield code="a">Economia de mercado</subfield>
  </datafield>
  <datafield tag="859" ind1=" " ind2=" ">
   <subfield code="a">AR-BaUEB</subfield>
   <subfield code="b">BIB. ECONOMIA - General</subfield>
   <subfield code="h">I-FIEL-DT49</subfield>
   <subfield code="p">e09937</subfield>
  </datafield>
 </record>
</collection>
